| 000 | 00640nam a2200229Ia 4500 | ||
|---|---|---|---|
| 003 | IT-RoPAU | ||
| 005 | 20220918175618.0 | ||
| 008 | 120407s9999 xx 000 0 und d | ||
| 040 |
_aIT-RoPAU _cIT-RoPAU |
||
| 040 | _cIT-RoPAU | ||
| 041 | _aita | ||
| 100 |
_aHammond, Nicholas Geoffrey Lemprière-Howard, Hayes Scullard _933978 |
||
| 245 | _aDizionario di Antichità Classiche di Oxford - 2 voll. | ||
| 250 | _aRoma | ||
| 260 |
_c1981 _aRoma _bEdizioni Paoline |
||
| 300 |
_c22 cm _a2250 p. |
||
| 490 | _v1 | ||
| 500 | _aEdizione italiana a cura di Mario Carpitella. | ||
| 700 |
_aScul _933979 |
||
| 942 |
_cBK _2ddc |
||
| 999 |
_c21445 _d21445 |
||